Soybeans: Improvement, production, and uses

সংরক্ষণ করুন:
গ্রন্থ-পঞ্জীর বিবরন
বিন্যাস: গ্রন্থ
ভাষা:Undetermined
প্রকাশিত: Wisconsin, USA American Society of Agronomy, Inc 1973
বিষয়গুলি:
ট্যাগগুলো: ট্যাগ যুক্ত করুন
কোনো ট্যাগ নেই, প্রথমজন হিসাবে ট্যাগ করুন!
Thư viện lưu trữ: Trung tâm Học liệu Trường Đại học Cần Thơ
LEADER 00533nam a2200157Ia 4500
001 CTU_38734
008 210402s9999 xx 000 0 und d
082 |a 633.34 
082 |b S731/C 
245 0 |a Soybeans: Improvement, production, and uses 
260 |a Wisconsin, USA 
260 |b American Society of Agronomy, Inc 
260 |c 1973 
650 |a soybean,soybean - diseases and pests,soybean - genetics,soybean - planting,soybean - products 
904 |i Liên, 990821 
980 |a Trung tâm Học liệu Trường Đại học Cần Thơ